1 al 1000. Indice sintético de materias de decretos leyes dictados por la Junta de Gobierno de la República de Chile

Salvato in:
Dettagli Bibliografici
Natura: Libro
Lingua:spagnolo
Pubblicazione: Santiago Jurídica de Chile 1976
Serie:Textos Legales, 23
Soggetti:
Tags: Aggiungi Tag
Nessun Tag, puoi essere il primo ad aggiungerne!!

MARC

LEADER 00000nam a2200000 a 4500
001 UCR0832
003 CL-VaPUC
008 971205e19760000CL |||||||||||||||||spa|d
082 0 4 |a 348.022  |b IND  |2 21 
245 1 0 |a 1 al 1000. Indice sintético de materias de decretos leyes dictados por la Junta de Gobierno de la República de Chile 
300 |a 815 p 
942 |c BK 
945 |d 19971205 00:00:00  |a lriquelm 
260 |a Santiago  |b Jurídica de Chile  |c 1976 
500 |a Incluye: Decretos Leyes N§ 574, 916 y 991 
650 0 |a Ìndices  |9 258316 
650 7 |a LEGISLACION  |2 CL-VaPUC  |9 397274 
650 7 |a FUENTES  |2 CL-VaPUC  |9 255666 
650 7 |a DERECHO CHILENO  |2 CL-VaPUC  |9 397275 
650 7 |a DECRETO LEY  |2 CL-VaPUC  |9 382553 
651 7 |a CHILE  |2 CL-VaPUC  |9 397276 
583 |a last modification  |c 19971205 00:00:00  |k Rodrigo Vera 
490 0 |a Textos Legales, 23 
999 |c 264330  |d 264328